Statistics for Top 20 Cities to Live In 2012 (USA)

Click here to take the quiz!

General Stats

  • This quiz has been taken 468 times
  • The average score is 11 of 20

Answer Stats

HintAnswer% Correct
7.New York, New York
93%
2.Seattle, Washington
85%
4.Boston, Massachusetts
82%
1.San Francisco, California
82%
9.San Diego, California
74%
6.Denver, Colorado
69%
5.Portland, Oregon
68%
16.Atlanta, Georgia
67%
3.Washington, D.C.
65%
8.Austin, Texas
63%
12.Minneapolis, Minnesota
58%
13.Nashville, Tennessee
51%
14.New Orleans, Louisiana
50%
15.Kansas City, Missouri
43%
11.Pittsburgh, Pennsylvania
43%
18.Raleigh, North Carolina
36%
20.Columbus, Ohio
35%
19.Honolulu, Hawaii
30%
17.Madison, Wisconsin
19%
10.St. Paul, Minnesota
19%

Score Distribution

Percentile by Number Answered

Percent of People with Each Score

Your Score History

You have not taken this quiz